Hospodárske pomery v zemepanských mestách na Slovensku v 16.-17. storočí

Podrobná bibliografia
Hlavný autor: Lengyelová, Tünde (Author)
Médium: Článok
Jazyk:Slovak
Témy:
Zdroj: 1. Historický časopis 1. Roč. 47, č. 3 (1999), s. 404-419
LEADER 01643nab#a2200553#ar4500
001 000014607
003 SVKKK
005 20071017091344.0
008 030616c xo e sloo
FMT
038 |a SVKKK 
040 |a SVKKK  |b slo  |e AACR2 
041 0 |a slo  |b eng  |b ger 
044 |a xo  |c SK 
080 |a 38(091  |2 1981 
080 |a 631(091  |2 1981 
080 |a 634.8(091  |2 1981 
080 |a 943.7  |2 1981 
100 1 |a Lengyelová, Tünde  |4 aut 
245 1 0 |a Hospodárske pomery v zemepanských mestách na Slovensku v 16.-17. storočí  |c Lengyelová Tünde 
504 |a Res. v angl., nem. jaz. Lit. Tab 
650 0 4 |a mestá zemepanské  |y storočie 16.-17. 
650 0 4 |a vinohradníctvo  |x obchodovanie  |x remeslá  |z Slovensko východné  |z Zemplín (TV)  |z Kráľovský Chlmec (TV)  |z Košice  |z Levoča  |z Prešov  |z Štítnik (RV)  |z Veľké Kapušany (MI)  |z Moldava nad Bodvou (KS)  |z Krompachy (SN) - Spišské Vlachy (SN) - Spišská Nová Ves - dejiny - štúdie 
650 0 4 |a výroba poľnohospodárska 
773 0 |t Historický časopis  |g Roč. 47, č. 3 (1999), s. 404-419 
957 |a Košice 
957 |a Krompachy 
957 |a Kráľovský Chlmec 
957 |a Levoča 
957 |a Moldava nad Bodvou 
957 |a Prešov 
957 |a Spišská Nová Ves 
957 |a Spišské Vlachy 
957 |a Veľké Kapušany 
957 |a Zemplín 
957 |a Štítnik 
958 |a KE 
958 |a KS 
958 |a LE 
958 |a MI 
958 |a PO 
958 |a RV 
958 |a SN 
958 |a TV 
974 |d 000112  |a SAB 
992 |a RBX 
BAS
852 |a SVKKK  |b BIB 
998 |a REG